000 00294nam a2200109Ia 4500
008 190912s9999||||xx |||||||||||||| ||und||
100 _aSpiegel, Stephens
245 0 _aSchaum's outLines of Theory And Problems of Statistics
260 _aUSA
_bPrentice Hall
_c1999
300 _a538
942 _cBK
999 _c7728
_d7728